000 00612nam a22001817a 4500
005 20251108174608.0
008 250721s2005 xx 000 0 ara d
082 1 4 _a818.03/أوغ
100 1 _aاوغلو، أمينة شنليك
_eمؤلف
245 1 0 _aالوردة المسيحية /
264 1 _aاللاذقية :
_bدار المرساة للطباعة و النشر و التوزيع،
_c2005.
300 _a199 ص.
650 1 7 _aالمذكرات الادبيه
650 1 7 _aالادب العربي
700 1 _aفاقي، محمد مولود
_eمترجم
942 _2ddc
_cBK
999 _c113137
_d113137